Environmental economics and policy
| Main Author: | |
|---|---|
| Format: | Book |
| Published: |
Boston :
Pearson Addison Wesley ,
c2004.
|
| Edition: | 4th ed. |
| Series: | The Addison-Wesley series in economics
|
| Subjects: |
MARC
| LEADER | 00000cam a2200000 7i4500 | ||
|---|---|---|---|
| 001 | 0000003297 | ||
| 005 | 20050822.0 | ||
| 020 | 0 | 0 | |a 0321194128 |
| 090 | 0 | 0 | |a 333.7 |b TIE |
| 100 | 1 | 0 | |a Tietenberg, Thomas H. |
| 245 | 1 | 0 | |a Environmental economics and policy |c Tom Tietenberg. |
| 250 | 0 | 0 | |a 4th ed. |
| 260 | 0 | 0 | |a Boston : |b Pearson Addison Wesley , |c c2004. |
| 300 | |a xxvi, 498 p. : |b ill. ; |c 24 cm. | ||
| 440 | 0 | 0 | |a The Addison-Wesley series in economics |
| 650 | 0 | 0 | |a Environmental economics |
| 999 | |a 0000006248 |b Monograph |c Open Shelf |e Default branch | ||